000
00193nam a22000857a 4500
040
_c
SCME
100
_a
SCME-D240
_9
91453
245
_a
Poverty alleviation in contemporary china
942
_2
ddc
_c
BK
999
_c
589574
_d
589574